000 01138cam a2200361 4500
999 _c24129
_d24129
001 vtls012276642
005 20260107134822.0
008 250520s2025 xo g 000 f slo
020 _a9788055198835
_q(viazané)
040 _aSAVUK
_bslo
_cSAVUK
_dSNK
_erda
041 1 _aslo
_hpol
044 _axo
_cSK
072 7 _a821.162.1
_xPoľská literatúra
_2konspekt
080 _a821.162.1-31
_22011
080 _a(0:82-312.4)
_22011
100 1 _aMróz, Remigiusz,
_d1987-
_4aut
_95400
240 1 0 _aEkspozycja
_lSlovensky
245 1 0 _aExpozícia
_cRemigiusz Mróz ; preložil Ladislav Holiš
264 1 _aBratislava
_bIkar
_c2025
300 _a412 strán
_c21 cm
336 _atext
_btxt
_2rdacontent
337 _abez média
_bn
_2rdamedia
338 _azväzok
_bnc
_2rdacarrier
500 _aPreložené z poľštiny
655 7 _apoľské romány
_2SNKPH
_92116
655 7 _adetektívne romány
_2SNKPH
_91710
655 7 _aPoland novels
_2SNKPHeng
_93786
655 7 _aDetective novels
_2SNKPHeng
_91711
700 1 _aHoliš, Ladislav
_4trl
_92118
958 _aLX
958 _aUP